| 000 -LEADER |
| fixed length control field |
01882cam a22004215a 4500 |
| 001 - CONTROL NUMBER |
| control field |
13543816 |
| 003 - CONTROL NUMBER IDENTIFIER |
| control field |
NUST |
| 005 - DATE AND TIME OF LATEST TRANSACTION |
| control field |
20191112134049.0 |
| 008 - FIXED-LENGTH DATA ELEMENTS--GENERAL INFORMATION |
| fixed length control field |
040331s2003 nyuab 001 0beng d |
| 010 ## - LIBRARY OF CONGRESS CONTROL NUMBER |
| LC control number |
2004298295 |
| 020 ## - INTERNATIONAL STANDARD BOOK NUMBER |
| International Standard Book Number |
0525948112 (alk. paper) |
| 035 ## - SYSTEM CONTROL NUMBER |
| System control number |
(OCoLC)ocm53276932 |
| 038 ## - RECORD CONTENT LICENSOR |
| Staff Name |
Arshad |
| 040 ## - CATALOGING SOURCE |
| Original cataloging agency |
VHB |
| Transcribing agency |
VHB |
| Modifying agency |
OCLCQ |
| -- |
IG# |
| -- |
OCLCQ |
| -- |
IBS |
| -- |
DLC |
| 042 ## - AUTHENTICATION CODE |
| Authentication code |
lccopycat |
| 043 ## - GEOGRAPHIC AREA CODE |
| Geographic area code |
a-iq--- |
| -- |
a-su--- |
| 050 00 - LIBRARY OF CONGRESS CALL NUMBER |
| Classification number |
HQ1735 |
| Item number |
.S268 2003 |
| 082 04 - DEWEY DECIMAL CLASSIFICATION NUMBER |
| Classification number |
956.7044092 |
| Author Mark |
SAS |
| 100 1# - MAIN ENTRY--PERSONAL NAME |
| Personal name |
Sasson, Jean P. |
| 9 (RLIN) |
25562 |
| 245 10 - TITLE STATEMENT |
| Title |
Mayada, daughter of Iraq : |
| Remainder of title |
one woman's survival under Saddam Hussein / |
| Statement of responsibility, etc. |
Jean Sasson. |
| 260 ## - PUBLICATION, DISTRIBUTION, ETC. |
| Place of publication, distribution, etc. |
New York, N.Y. : |
| Name of publisher, distributor, etc. |
Dutton, |
| Date of publication, distribution, etc. |
2003. |
| 300 ## - PHYSICAL DESCRIPTION |
| Extent |
xxi, 304 p. : |
| Other physical details |
ill., maps ; |
| Dimensions |
24 cm. |
| 500 ## - GENERAL NOTE |
| General note |
Includes index. |
| 505 0# - FORMATTED CONTENTS NOTE |
| Formatted contents note |
The shadow women of cell 52 -- The four black doors -- Jido Sati -- Saddam Hussein -- Saddam's wife, "the lady" Sajida -- Chemical Ali and the veil -- Torture -- Dr. Fadil and Mayada's Family -- The chirping of the Qabaj -- Dear Samara. |
| 600 10 - SUBJECT ADDED ENTRY--PERSONAL NAME |
| Personal name |
Al-Askari, Mayada, |
| Dates associated with a name |
1955- |
| 9 (RLIN) |
25563 |
| 610 20 - SUBJECT ADDED ENTRY--CORPORATE NAME |
| Corporate name or jurisdiction name as entry element |
Baladiyat (Prison) |
| 9 (RLIN) |
25564 |
| 650 #0 - SUBJECT ADDED ENTRY--TOPICAL TERM |
| Topical term or geographic name entry element |
Women political prisoners |
| Geographic subdivision |
Iraq |
| Form subdivision |
Biography. |
| 9 (RLIN) |
25565 |
| 650 #0 - SUBJECT ADDED ENTRY--TOPICAL TERM |
| Topical term or geographic name entry element |
Women |
| Geographic subdivision |
Saudi Arabia |
| General subdivision |
Social conditions. |
| 9 (RLIN) |
25566 |
| 651 #0 - SUBJECT ADDED ENTRY--GEOGRAPHIC NAME |
| Geographic name |
Iraq |
| General subdivision |
History |
| Chronological subdivision |
1979-1991. |
| 9 (RLIN) |
25567 |
| 651 #0 - SUBJECT ADDED ENTRY--GEOGRAPHIC NAME |
| Geographic name |
Iraq |
| General subdivision |
History |
| Chronological subdivision |
1991-2003. |
| 9 (RLIN) |
25568 |
| 856 41 - ELECTRONIC LOCATION AND ACCESS |
| Materials specified |
Table of contents |
| Uniform Resource Identifier |
<a href="http://www.loc.gov/catdir/toc/fy044/2004298295.html">http://www.loc.gov/catdir/toc/fy044/2004298295.html</a> |
| 856 42 - ELECTRONIC LOCATION AND ACCESS |
| Materials specified |
Contributor biographical information |
| Uniform Resource Identifier |
<a href="http://www.loc.gov/catdir/enhancements/fy0719/2004298295-b.html">http://www.loc.gov/catdir/enhancements/fy0719/2004298295-b.html</a> |
| 856 42 - ELECTRONIC LOCATION AND ACCESS |
| Materials specified |
Publisher description |
| Uniform Resource Identifier |
<a href="http://www.loc.gov/catdir/enhancements/fy0719/2004298295-d.html">http://www.loc.gov/catdir/enhancements/fy0719/2004298295-d.html</a> |
| 856 41 - ELECTRONIC LOCATION AND ACCESS |
| Materials specified |
Sample text |
| Uniform Resource Identifier |
<a href="http://www.loc.gov/catdir/enhancements/fy0719/2004298295-s.html">http://www.loc.gov/catdir/enhancements/fy0719/2004298295-s.html</a> |
| 906 ## - LOCAL DATA ELEMENT F, LDF (RLIN) |
| a |
7 |
| b |
cbc |
| c |
copycat |
| d |
2 |
| e |
ncip |
| f |
20 |
| g |
y-gencatlg |
| 942 ## - ADDED ENTRY ELEMENTS (KOHA) |
| Source of classification or shelving scheme |
|
| Koha item type |
Book |